Iracema : (Record no. 330401)

000 -LEADER
fixed length control field 00713cam a22002057a 4500
001 - CONTROL NUMBER
control field 475806
003 - CONTROL NUMBER IDENTIFIER
control field NUST
005 - DATE AND TIME OF LATEST TRANSACTION
control field 20170706125524.0
008 - FIXED-LENGTH DATA ELEMENTS--GENERAL INFORMATION
fixed length control field 840530r19831965bl a 000 0 por
010 ## - LIBRARY OF CONGRESS CONTROL NUMBER
LC control number 83463008
040 ## - CATALOGING SOURCE
Original cataloging agency DLC
Transcribing agency DLC
Modifying agency DLC
050 00 - LIBRARY OF CONGRESS CALL NUMBER
Classification number MLCS 84/6594 (P)
082 ## - DEWEY DECIMAL CLASSIFICATION NUMBER
Classification number 869.24
100 1# - MAIN ENTRY--PERSONAL NAME
Personal name Alencar, José Martiniano de,
Dates associated with a name 1829-1877.
9 (RLIN) 3165
245 10 - TITLE STATEMENT
Title Iracema :
Statement of responsibility, etc. José de Alencar.
260 ## - PUBLICATION, DISTRIBUTION, ETC.
Place of publication, distribution, etc. Ialamabad
Name of publisher, distributor, etc. The embassy of Brazil
Date of publication, distribution, etc. 2015
300 ## - PHYSICAL DESCRIPTION
Extent 113p. :
Other physical details ill. ;
Dimensions 21 cm.
490 0# - SERIES STATEMENT
Series statement Edições Alagadiço novo ;
Volume/sequential designation 1
906 ## - LOCAL DATA ELEMENT F, LDF (RLIN)
a 7
b cbc
c orignew
d u
e ncip
f 19
g y-gencatlg
942 ## - ADDED ENTRY ELEMENTS (KOHA)
Source of classification or shelving scheme
Koha item type Book
Holdings
Withdrawn status Lost status Source of classification or shelving scheme Materials specified (bound volume or other part) Damaged status Not for loan Permanent Location Current Location Shelving location Date acquired Total Checkouts Full call number Barcode Date last seen Date last checked out Price effective from Koha item type Source of acquisition
      Donation     Central Library (CL) Central Library (CL) General Stacks 07/06/2017 1 869.24 IRA S3H-D-306 01/22/2018 07/06/2017 07/06/2017 Book  
      Donation     Central Library (CL) Central Library (CL) General Stacks 08/01/2017   869.24 IRA S3H-D-305 08/01/2017   08/01/2017 Book  
      Donation by Ambassador of Brazil     Central Library (CL) Central Library (CL) General Stacks 08/28/2020   869.24 IRA CL-D-1015 09/08/2020   08/28/2020 Book Donation
      Donation by Ambassador of Brazil     Central Library (CL) Central Library (CL) General Stacks 08/28/2020   869.24 IRA CL-D-1016 01/30/2026   08/28/2020 Book Donation
© 2023 Central Library, National University of Sciences and Technology. All Rights Reserved.